000 00801cam a2200241 a 4500
001 BD-DhSAU 5544
003 BD-DhSAU
005 20150416123833.0
008 900412s1991 ii ab rb 001 0 eng
020 _a8120406354
040 _aBD-DhSAU
082 0 0 _a635.2297
_222
_bSWE
245 0 0 _aSweet potato pest management :
_ba global perspective /
_cedited by Richard K. Jansson and Kandukuri V. Raman.
260 _aNew Delhi :
_bOxford & IBH Pub. Co.,
_cc1991.
300 _axv, 458 p. :
_bill., maps ;
_c24 cm.
440 _aStudies in insect biology
504 _aIncludes bibliographical references and index.
590 _ajoy
650 0 _aSweet potatoes
_xDiseases and pests
_xControl.
650 0 _aInsect pests
_xControl.
700 1 _aJansson, Richard K.
700 1 _aRaman, Kandukuri V.
942 _2ddc
_cBOOK
999 _c5544
_d5544